LEADER 02100nam0 22004693i 450 001 VAN0219153 005 20230607084016.63 017 70$2N$a9783030234959 100 $a20210929d2019 |0itac50 ba 101 $aeng 102 $aCH 105 $a|||| ||||| 200 1 $aTemporal Network Theory$fPetter Holme, Jari Saramäki editors 210 $aCham$cSpringer$d2019 215 $aviii, 375 p.$cill.$d24 cm 410 1$1001VAN0132704$12001 $aComputational Social Sciences$1210 $aBerlin [etc.]$cSpringer 500 1$3VAN0219154$aTemporal Network Theory$91873070 606 $a91-XX$xGame theory, economics, finance, and other social and behavioral sciences [MSC 2020]$3VANC025601$2MF 606 $a90-XX$xOperations research, mathematical programming [MSC 2020]$3VANC025650$2MF 610 $aBig data and network theory$9KW:K 610 $aComputational Neurosciences$9KW:K 610 $aComputational social sciences$9KW:K 610 $aEpidemic spreading processes$9KW:K 610 $aMeasures of temporal network structure$9KW:K 610 $aNetwork epidemic spreading$9KW:K 610 $aNetwork theory and dynamic processes$9KW:K 610 $aNetwork theory and mesoscopic structures$9KW:K 610 $aNetwork theory and modeling frameworks and tools$9KW:K 610 $aTime Series Analysis$9KW:K 610 $aTime varying networks$9KW:K 620 $aCH$dCham$3VANL001889 702 1$aHolme$bPetter$3VANV095589 702 1$aSaramäki$bJari$3VANV186316 712 $aSpringer $3VANV108073$4650 801 $aIT$bSOL$c20240614$gRICA 856 4 $uhttp://doi.org/10.1007/978-3-030-23495-9$zE-book ? Accesso al full-text attraverso riconoscimento IP di Ateneo, proxy e/o Shibboleth 899 $aBIBLIOTECA DEL DIPARTIMENTO DI MATEMATICA E FISICA$1IT-CE0120$2VAN08 912 $fN 912 $aVAN0219153 950 $aBIBLIOTECA DEL DIPARTIMENTO DI MATEMATICA E FISICA$d08CONS e-book 4039 $e08eMF4039 20210929 996 $aTemporal Network Theory$91873070 997 $aUNICAMPANIA LEADER 01778nam0 22003853i 450 001 SBL0474405 005 20251003044355.0 100 $a19910930d1918 ||||0itac50 ba 101 | $aita 102 $ait 181 1$6z01$ai $bxxxe 182 1$6z01$an 200 1 $aˆLa ‰reggenza borbonica nella minorità di Ferdinando 4.$fMario Vinciguerra 210 $aNapoli$cLuigi Pierro e f.$d1918 215 $a113 p.$d25 cm 300 $aEstr. da: Arch. st or. nap., N.S., 2-3 517 1 $aˆLa ‰reggenza borbonica nella minorita di Ferdinando quarto .$9SBL0474406 606 $aFERDINANDO : DI BORBONE $2FIR$3IEIC090555$9I 606 $aNAPOLI$xCONDIZIONI ECONOMICHE E SOCIALI$x1759-1764$2FIR$3IEIC111322$9I 676 $a945.70743$9STORIA. ITALIA MERIDIONALE. PERIODO DELLA DINASTIA DEI BORBONE FINO ALLA RIVOLUZIONE DEL 1799, 1734-1799$v21 676 $a945.7310743$9STORIA DI NAPOLI (PROV.), 1734-1799$v19 676 $a945.7310743$9STORIA DI NAPOLI, 1734-1799$v20 700 1$aVinciguerra$b, Mario$f <1887-1972>$3RAVV035262$4070$0169128 790 1$aFaria$b, A. E.$3NAPV202621$zVinciguerra, Mario <1887-1972> 801 3$aIT$bIT-000000$c19910930 850 $aIT-BN0095 $aIT-NA0079 $aIT-NA0097 901 $bNAP 01$cV $n$ 901 $bNAP SP$cCAPASSO $nSALA CAPASSO 901 $bNAP BN$cSEZ.NAP. $n$ 901 $bNAP SP$cFORTUNATO $nFONDO FORTUNATO 912 $aSBL0474405 950 0$aBiblioteca Centralizzata di Ateneo$c1 v.$d 01V (S) 1 046$e 01S 0090010465 VMM 1 v. - Mutilo di coperta$fB $h20140612$i20140612 977 $a 01$a BN$a SP 996 $aReggenza borbonica nella minorità di Ferdinando 4$967693 997 $aUNISANNIO